000 01126nam0a2200301 4500
001 RU\NLR\bibl\1843271
005 20260405061834.0
010 _a978-5-85247-493-3
_bкн.1
010 _a978-5-85247-492-6
_92000
021 _aRU
_b2011-91782
_96571
035 _a(NLR Aleph) 001833718
090 _a2175020
_c2175020
100 _a20111205d2011 |||y0rusy50 ca
101 0 _arus
102 _aRU
105 _aa |||||||||
200 1 _aКнига стихов
_e[избранные произведения]
_fРавиль Бухарев
210 _aКазань
_cМагариф-Вакыт
_d2011
215 _a414, [1] с.
_d17
327 1 _aСодерж.: Стихотворения, 1969-2008 ; цикл.: Небесный сын мой
686 _aШ6(2=Тат)7-5{Лх-татар.528-75}
700 1 _4070
_7ca
_8rus
_aБухараев
_bР. Р.
_f1951-2012
_gРавиль Раисович
_3RU\NLR\AUTH\7720763
_93829
801 0 _aRU
_bNLR
_c20111205
_gRCR
801 1 _aRU
_bNLR
_c20111205
830 _aавт. по базе
942 _cBOOK
980 _aNB